|
|
|
|
| LEADER |
00000nam a22000007a 4500 |
| 008 |
240611b |||||||| |||| 00| 0 eng d |
| 020 |
|
|
|a 978113837003
|
| 100 |
|
|
|a RUSSELL, Victoria
|a Murphy-Judy, Kathryn
|
| 245 |
|
|
|a Teaching language online
|b : guide for designing, developing, and delivering online, blended, and flipped language courses
|c / Victoria Russell and Kathryn Murphy-Judy.
|g xi,282p ;ill
|
| 260 |
|
|
|b Routledge
|c 2021
|h New York
|i 702313
|i 702314
|l P53.28.R89
|m Language and languages--Computer-assisted instruction. -
|m Language and languages--Study and teaching
|m Computer network resources.
|
| 500 |
|
|
|a it includes references and index
|
| 942 |
|
|
|a lcc
|c BK
|e Johnson
|f 11/06/24
|
| 952 |
|
|
|0 0
|1 0
|2 lcc
|4 0
|6 P005328 R89
|7 0
|9 5308
|a ART
|b HOL
|c LP
|d 2024-06-11
|l 0
|o P53.28.R89
|p 2024-0551
|r 2024-06-11 00:00:00
|t 702313
|w 2024-06-11
|y BK
|
| 952 |
|
|
|0 0
|1 0
|2 lcc
|4 0
|6 P005328 R89
|7 0
|9 5309
|a HOL
|b HOL
|c LP
|d 2024-06-11
|l 0
|o P53.28.R89
|p 2024-0552
|r 2024-06-11 00:00:00
|t 702313
|w 2024-06-11
|y BK
|
| 999 |
|
|
|c 2630
|d 2630
|